000 00923cam a2200265 a 4500
999 _c23203
_d23203
001 4712581
003 OSt
005 20201110123134.0
008 841107s1982 ii 001 0 eng
010 _a 82905322
020 _cRs50.00
040 _aDLC
_cDLC
_dDLC
041 0 _aengperurd
050 0 0 _aPK6451.A59
_bZ5624 1982
082 0 0 _a891.5511
_219
_bRAH/A
100 1 _aʻAbdurraḥmān, Ṣabāḥuddīn
_92058
245 1 0 _aAmir Khusrau as a Genius /
_cSyed Sabahuddin Abdur Rahman
260 _aDelhi :
_bIdarah-i Adabiyat-i Delli,
_cc1982.
300 _axiii, 125 p. ;
_c23 cm.
440 0 _aIAD religio-philosophy (original) series ;
_vno. 11
500 _aIncludes index.
600 0 0 _aAmīr Khusraw Dihlavī,
_dapproximately 1253-1325
_xCriticism and interpretation.
906 _a7
_bcbc
_corignew
_d4
_encip
_f19
_gy-gencatlg
942 _2ddc
_cBK
_h891.5511
_iRAH/A
_k891.5511
_mRAH/A